000 00216nam a2200097Ia 4500
008 190216s9999||||xx |||||||||||||| ||und||
100 _aRajendra Prasad
245 0 _aIndian Constitution
260 _bNull
942 _cBK
999 _c34750
_d34750